000 00515nam a2200157 a 4500
001 000032687
005 20200930065757.0
008 110725s2007 dr ac 000 0 spa d
040 _aDO-SdBNP
_bspa
_cBNPHU
082 _axxxx
_bR297n
100 1 _aRecio, Raul
_958557
245 1 4 _aLas nuevas catarsis. :
_buna interpretación de la obra catarsis de Jaime Colson 1947-2007 /
_cRaul Recio.
260 _aSanto Domingo :
_bEstampas Las Mercedes,
_c[2007?].
300 _a[60 p.] :
_bil, retrs, ;
_c23 cm.
049 _aBNPD
999 _c32178
_d32178